| 000 | 00700nam a2200253Ia 4500 | ||
|---|---|---|---|
| 003 | OSt | ||
| 005 | 20221006144016.0 | ||
| 006 | a|||||r|||| 00| 0 | ||
| 007 | ta | ||
| 008 | 221006b |||||||| |||| 00| 0 eng d | ||
| 020 | _c892.00 (Total) | ||
| 024 | _a10,642 | ||
| 037 | _cTextual | ||
| 040 |
_aEASL _cEASL _beng |
||
| 041 |
_2eng _aeng |
||
| 082 | _aW691vN82, M5.1-2 | ||
| 100 | _aDANIELS Robert V Ed. | ||
| 245 | 0 | _aDocumentary history of communism | |
| 260 |
_aLondon _bI.B. Tauris _c1985 |
||
| 300 |
_a432+458p. _ccm. |
||
| 490 | _vVol.1 : Communism in Russia 2 Oth | ||
| 942 |
_hW691vN82, M5.1-2 _cTEXL _2CC |
||
| 999 |
_c1078728 _d1078728 |
||